| 000 | 00522nam a2200217Ia 4500 | ||
|---|---|---|---|
| 999 |
_c15370 _d15370 |
||
| 003 | 0100 | ||
| 005 | 20181024121242.0 | ||
| 008 | 130303s9999 xx 000 0 und d | ||
| 020 | _a225663988 | ||
| 040 | _cARRUPELIB | ||
| 050 | _aBT320.H4 1984 | ||
| 100 |
_aHendrickx, Herman _935556 |
||
| 245 | 4 |
_aThe Infancy narratives _cHerman Hendrickx |
|
| 250 | _aRev. | ||
| 260 |
_aLondon _bChapman _c1975 |
||
| 300 |
_aviii, 145p. ; _c22cm. |
||
| 440 |
_aHendrickx, Herman. Studies in the Synoptic Gospels _943115 |
||
| 600 |
_aJesus Christ _xChildhood _97479 |
||
| 650 |
_aBible. N.T. Matthew _xCommentaries _911843 |
||
| 650 |
_aBible. N.T. Luke _xCommentaries _915294 |
||
| 700 |
_aHerman Hendrickx _943116 |
||
| 942 |
_2lcc _cMONOGRAPH |
||